000 00991na a2200277 4500
001 21088
003 MIRAKIL
005 20181213154927.0
008 170131b tu 000 0
035 _a21088
040 _aMilas
_btur
_cTR-AnCHP
041 _atur
082 _a324.2374
_bİ71 2008
090 _a324.2374 İ71 2008
110 _aİşçilerin Sosyalist Partisi (Sosyalist Parti)
245 _aProgram, tüzük
_cSosyalist Parti
260 _aİstanbul
_bSosyalist Parti
_c2008
300 _a77 s.
_c20 sm.
610 _aİşçilerin Sosyalist Partisi (Sosyalist Parti)
_xTüzükler, 2008
610 _aİşçilerin Sosyalist Partisi (Sosyalist Parti)
_xPropaganda ve ideolojiler
610 _aİşçilerin Sosyalist Partisi (Sosyalist Parti)
_xProgramlar, 2008
650 _aSiyasal partiler
_xParti türleri
_ySosyalist partiler
_zTürkiye
710 _aİşçilerin Sosyalist Partisi (Sosyalist Parti)
830 _aİşçilerin Sosyalist Partisi
942 _2ddc
_cBKS
999 _c3305
_d3305